01289cam a2200313 a 450000100100000000500170001000800410002702000150006804000250008304100380010808200160014610000250016224000330018724500970022026000570031730000210037450400540039550000310044953400430048065000330052365000330055665000380058965000330062770000330066070000310069395201140072495201200083899900170095800002451120260116105540.0850726s1993 sp 000 | spa d a8479270616 aDO-SdBNPbspacBNPHU17aenghspa2Código de idioma MARC a158.1bE26c1 aEdwards, Gill95023010aLiving magically.lEspañol10aCambie su mente, sane su vida /cGill Edwards ; traducción Carme Geronès, Carles Urritz. aBarcelona, (España) :bEdiciones Robinbook,c1993. a269 p. ;c22 cm. aIncluye referencias bibliográficas : p. 261-267 aIncluye notas : p. 255-260 aTítulo original :tLiving magically. 0aPsicología aplicada 91579 4aCambio (psicología)936636 4aOrientación psicológica99544 4aMadurez (psicología)912231 aGeronès, Carmeetr.9502311 aUrritz, Carlesetr.950232 001050718MOaGRbGRcHDd2011-01-28iLF1l0o158.1 E26cp24511-10r2020-06-25w2020-06-25y1ZNo se presta 001150718MOaGRbGRcMId2017-05-29iLF1l0o158.1 E26cp24511-20r2020-06-25te. 2w2020-06-25y1ZNo se presta c24004d24004